000 004280000a22001690004500
041 0 _aENG
082 0 4 _aG 251 M1724b
100 1 _aMacpherson, Ian (1905-1944)
245 1 0 _aThe burden of the Lord / Ian Macpherson
260 _aNew York, USA : Abingdon
300 _a157 Pag
001 6040
942 _cBK
999 _c36377
_d36377
336 _atexto
_btxt
_2rdacontent
337 _2rdamedia
_asin mediación
_bn
338 _2rdacarrier
_avolumen
_bnc